[Event "Abu Dhabi op 19th"]
[Site "Abu Dhabi"]
[Date "2009.08.13"]
[Round "2"]
[White "Shahul, Hameed"]
[Black "Filippov, Anton"]
[Result "0-1"]
[WhiteElo "2097"]
[BlackElo "2583"]
[PlyCount "56"]
[EventDate "2009.08.12"]
[EventType "swiss"]
[EventRounds "9"]
[EventCountry "UAE"]
[SourceTitle "CBM 131 Extra"]
[Source "ChessBase"]
[SourceDate "2009.09.03"]
[SourceVersion "2"]
[SourceVersionDate "2009.09.16"]
[SourceQuality "1"]

1. d4 Nf6 2. Nf3 e6 3. Bg5 h6 4. Bxf6 Qxf6 5. e4 d6 6. Bd3 Nc6 7. Nc3 a6 8. 0-0 g5 9. Re1 g4 10. e5 Qg7 11. Nd2 dxe5 12. d5 Nd4 13. Bc4 b5 14. Bb3 Bb7 15. Ne2 Nxb3 16. axb3 Bxd5 17. Ng3 h5 18. c4 Bb7 19. cxb5 h4 20. bxa6 Bd5 21. Nge4 g3 22. fxg3 hxg3 23. Nf3 Bxe4 24. Rxe4 Bc5+ 25. Kf1 gxh2 26. Nxh2 Rxh2 27. Qf3 Rh1+ 28. Ke2 Rxa1 0-1

[Event "Abu Dhabi op 18th"]
[Site "Abu Dhabi"]
[Date "2008.09.09"]
[Round "6"]
[White "Shahul, Hameed"]
[Black "Safarli, Eltaj"]
[Result "0-1"]
[WhiteElo "2097"]
[BlackElo "2527"]
[PlyCount "74"]
[EventDate "2008.09.06"]
[EventType "swiss (rapid)"]
[EventRounds "9"]
[EventCountry "UAE"]
[SourceTitle "EXT 2009"]
[Source "ChessBase"]
[SourceDate "2008.11.26"]
[SourceVersion "1"]
[SourceVersionDate "2008.11.26"]
[SourceQuality "1"]

1. d4 Nf6 2. Nf3 g6 3. Nc3 d5 4. Bf4 Bg7 5. e3 0-0 6. Be2 c5 7. 0-0 cxd4 8. exd4 Nc6 9. h3 Bf5 10. Re1 Ne4 11. Na4 a6 12. c3 b5 13. Nc5 Nxc5 14. dxc5 e5 15. Bg5 Qd7 16. b4 h6 17. Bh4 d4 18. cxd4 exd4 19. Qb3 Be6 20. Qa3 Bc4 21. Rad1 Rfe8 22. Bd3 Qd5 23. Bg3 Bxd3 24. Rxd3 Qc4 25. Rb3 Rxe1+ 26. Nxe1 Ne7 27. Nd3 Nd5 28. Kh2 Nc3 29. Ne5 Qf1 30. c6 Bxe5 31. Bxe5 Ne2 32. h4 Qg1+ 33. Kh3 Qh1+ 34. Bh2 Nf4+ 35. Kg4 Qxh2 36. g3 Ne6 37. Rb2 Qg2 0-1